Central Library OPAC University of Rajshahi

Computer simulation techniques in hydrology / (Record no. 10980)

MARC details
000 -LEADER
fixed length control field 00908pam a2200289 i 4500
001 - CONTROL NUMBER
control field 10980
003 - CONTROL NUMBER IDENTIFIER
rucl marc code BD-RjUL
005 - DATE AND TIME OF LATEST TRANSACTION
control field 20211208235041.0
008 - FIXED-LENGTH DATA ELEMENTS--GENERAL INFORMATION
fixed length control field 140125s1975 nyua b 001 0 eng
020 ## - INTERNATIONAL STANDARD BOOK NUMBER
International Standard Book Number 0444001573
035 ## - SYSTEM CONTROL NUMBER
System control number (BD-RjUL)11029
040 ## - CATALOGING SOURCE
Original cataloging agency DLC
Transcribing agency DLC
Modifying agency DLC
-- BD-RjUL
Language of cataloging eng
041 ## - LANGUAGE CODE
Language code of text/sound track or separate title eng
082 00 - DEWEY DECIMAL CLASSIFICATION NUMBER
Classification number 551.480184
Author mark and year FLC
100 1# - MAIN ENTRY--PERSONAL NAME
Personal name Fleming, George.
9 (RLIN) 33932
245 10 - TITLE STATEMENT
Title Computer simulation techniques in hydrology /
Statement of responsibility, etc. George Fleming.
260 ## - PUBLICATION, DISTRIBUTION, ETC. (IMPRINT)
Place of publication, distribution, etc. New York :
Name of publisher, distributor, etc. Elsevier,
Date of publication, distribution, etc. c1975.
300 ## - PHYSICAL DESCRIPTION
Pagination ix, 333 p. :
Illustrations ill. ;
Size 27 cm.
490 1# - SERIES STATEMENT
Series statement Environmental science series
504 ## - BIBLIOGRAPHY, ETC. NOTE
Bibliography, etc Includes bibliographical references and index.
650 #0 - SUBJECT ADDED ENTRY--TOPICAL TERM
Topical term or geographic name as entry element Hydrology
General subdivision Simulation methods.
9 (RLIN) 33362
Topical term or geographic name as entry element Water-supply
General subdivision Simulation methods.
9 (RLIN) 33933
830 #0 - SERIES ADDED ENTRY--UNIFORM TITLE
Uniform title Environmental science series (New York, 1972- )
942 ## - ADDED ENTRY ELEMENTS (KOHA)
Source of classification or shelving scheme Dewey Decimal Classification
Koha item type Books
Holdings
Lost status Source of classification or shelving scheme Damaged status Not for loan Collection code Permanent Location Current Location Shelving location Date acquired Source of acquisition Cost, normal purchase price Total Checkouts Full call number Date last seen Copy number Koha item type
  Dewey Decimal Classification   Not For Loan Non-fiction Central Library, University of Rajshahi Central Library, University of Rajshahi Reading Room 29/10/1980 Netherland Gift 0.00   551.480184 FLC 1973 25/01/2014 C-1 Books